| 000 | 00509nam a22001817a 4500 | ||
|---|---|---|---|
| 003 | CEu | ||
| 005 | 20140311162958.0 | ||
| 008 | 130301t xxu||||| |||| 00| 0 eng d | ||
| 020 | _a9718711163 | ||
| 050 |
_aHF 5351 _b.B979 1994 |
||
| 245 |
_aBusiness organization and management / _cH. Gutierrez, Jose M. Pura, Jr. Rolando M. Garcia |
||
| 250 | _a6th ed. | ||
| 260 |
_aQuezon City _bR.M. Garcia _c1994 |
||
| 300 |
_a262 p. _c22.2 cm. |
||
| 650 |
_aBusiness _913072 |
||
| 942 |
_2lcc _cBK _kLOC |
||
| 999 |
_c39117 _d39117 |
||